UK Towns Quiz - Highland - Scotland - Statistics

General Stats
  • This quiz has been taken 57 times
  • The average score is 19 of 38
Answer Stats
Clue Town Population % Correct
I Inverness 48,248
100%
F Fort William 5,757
91%
T Thurso 7,426
91%
N Nairn 9,582
88%
W Wick 6,913
88%
D Dingwall 5,265
77%
U Ullapool 1,469
74%
A Aviemore 2,832
72%
M Muir of Ord 2,838
70%
T Tain 3,548
67%
A Alness 5,943
58%
B Beauly 1,414
56%
B Brora 1,184
53%
D Dornoch 1,415
53%
G Golspie 1,337
53%
K Kingussie 1,360
53%
P Portree 2,281
53%
F Fortrose 1,688
51%
I Invergordon 3,799
51%
C Culloden 3,698
49%
C Conon Bridge 2,219
42%
N Newtonmore 1,115
42%
G Grantown-on-Spey 2,328
40%
B Banavie 1,343
35%
B Broadford 1,127
35%
S Strathpeffer 1,108
35%
D Drumnadrochit 1,180
33%
A Avoch 1,073
30%
E Evanton 1,322
30%
N North Kessock 1,319
30%
B Balloch 1,346
28%
C Caol 3,202
28%
A Ardersier 1,176
26%
M Maryburgh 1,054
26%
W Westhill 5,682
19%
S Smithton 2,896
16%
B Balintore 1,007
14%
M Milton of Leys 3,179
14%
No matching quizzes found
Score Distribution
Percent of People with Each Score
Percentile by Number Answered
Your Score History
You have not taken this quiz